| 000 -ლიდერი |
| ფიქსირებული სიგრძის საკონტროლო ველი |
01119nam a2200217Ia 4500 |
| 001 - საკონტროლო ნომერი |
| საკონტროლო ველი |
5293 |
| 003 - საკონტროლო ნომრის იდენტიფიკატორი |
| საკონტროლო ველი |
GE_BSU |
| 005 - ბოლო ოპერაციის თარიღი და დრო |
| საკონტროლო ველი |
20190605144827.0 |
| 008 - ფიქსირებული სიგრძის მონაცემთა ელემენტები - ზოგადი ინფორმაცია |
| ფიქსირებული სიგრძის საკონტროლო ველი |
181216s1981||||ge |||||||||||||| ||geo|| |
| 040 ## - კატალოგიზაციის წყარო |
| Transcribing agency |
GE_BSU |
| 041 ## - ენის კოდი |
| Language code of text/sound track or separate title |
geo |
| 080 ## - უნივერსალური ათობითი კლასიფიკაციის ინდექსი |
| Universal Decimal Classification number |
69.057 + 624.014(075.8) ჯ-17 |
| 100 ## - მთავარი ჩანაწერი - პიროვნების სახელი |
| Personal name |
ჯავახიშვილი, ვ. |
| 9 (RLIN) |
594 |
| 245 ## - ცნობა სათაურის შესახებ |
| Title |
შენობებისა და ნაგებობების კონსტრუქციები ნაწ.1 ლითონისა და ხის საინჟინრო კონსტრუქციები : |
| Remainder of title |
სახელმძღვ. / |
| Statement of responsibility, etc |
ვ. ჯავახიშვილი ; რედ. დ. მაღულარია. |
| 264 ## - წარმოების, გამოცემის, დისტრიბუციის და სხვა ცნობები |
| გამოცემის, წარმოების, დისტრიბუციის... ადგილი |
თბილისი : |
| გამოცემის, წარმოების, დისტრიბუციის... სახელწოდება |
განათლება, |
| გამოცემის, წარმოების, დისტრიბუციის... თარიღი |
1981. |
| 300 ## - ფიზიკური აღწერა |
| Extent |
368 გვ.: |
| Other physical details |
ილ.; |
| Dimensions |
22 სმ. |
| 501 ## - შენიშვნა თანმხლებ მასალაზე |
| With note |
ბიბლიოგრ. : გვ.364. |
| 653 ## - INDEX TERM--UNCONTROLLED |
| Uncontrolled term |
შენობებისა და ნაგებობების კონსტრუქციები |
| 700 ## - ADDED ENTRY--PERSONAL NAME |
| Personal name |
მაღულარია, დ. |
| Relator term |
რედაქტორი |
| 9 (RLIN) |
652 |
| 942 ## - ADDED ENTRY ELEMENTS (KOHA) |
| Koha item type |
წიგნი |
| Source of classification or shelving scheme |
|